Paesi Oceania - Statistics

Statistiche generali
  • Questo quiz è stato fatto 466 volte
    272 dall'ultimo reset
  • Il punteggio medio è 11 su 24
Statistiche sulle risposte
Abitanti Paese % Corretto
25.6M Australia
98%
5.08M Nuova Zelanda
97%
8.94M Papua Nuova Guinea
84%
115K Micronesia
74%
119K Kiribati
71%
18K Palau
71%
11.7K Tuvalu
70%
307K Vanuatu
70%
198K Samoa
69%
105K Tonga
67%
10K Nauru
66%
59K Marshall
62%
686K Salomone
61%
896K Fiji
53%
275K Polinesia
30%
17.4K(2016) Cook
17%
1.6K(2018) Niue
16%
168K Guam
14%
271K Caledonia
8%
57.5K Marianne
7%
1.5K Tokelau
7%
1.84K Norfolk
6%
48 Pitcairn
6%
4.7K(2003) Wallis e Futuna
4%
Nessun quiz corrispondente trovato
Distribuzione punteggi
Percentuale di utenti per punteggio
Percentile per numero di risposta
I tuoi punteggi nel tempo
Non hai fatto questo quiz dall'ultimo reset